| 000 | 00763nam a22001937a 4500 | ||
|---|---|---|---|
| 003 | BD-ChCU | ||
| 005 | 20241217133212.0 | ||
| 008 | 241217b bg ||||| |||| 00| 0 ben d | ||
| 020 | _a9789845063159 | ||
| 040 | _cBD-ChCU | ||
| 082 |
_2২২ _a৩৩১.১৩৭ ইস৭উ |
||
| 100 |
_aইসলাম, রিজওয়ানুল _96744 |
||
| 245 | _aউন্নয়ন ভাবনায় কর্মসংস্থান ও শ্রমবাজার | ||
| 250 | _a২ সং | ||
| 260 |
_aঢাকা, _bইউনিভার্সিটি প্রেস _c২০১৯ |
||
| 300 |
_a২৩৪ পৃ. _c২২ সেমি. |
||
| 650 | 0 |
_aশ্রমবাজার : কর্মসংস্থান _96745 |
|
| 942 |
_2ddc _cBK _n0 |
||
| 999 |
_c105060 _d105060 |
||